000
00210 a2200097 4500
001
18884
100
_a
Baker & Bourne
245
_a
Elementary algebra
260
_a
_b
G Bell &sons
_c
1907
090
_c
13973
_d
13973
942
_a
NUST-CAE
_c
M
_c
4417
999
_c
253957
_d
253957